[Event "LSS BI-2010-P-00013"]
[Site "LSS email"]
[Date "2010.04.19"]
[Round "?"]
[White "Suranga, Fernando"]
[Black "Agrafenin, Andrey Alexandrovic"]
[Result "0-1"]
[WhiteElo "1558"]
[BlackElo "2031"]
[PlyCount "84"]
[EventDate "2010.04.22"]
[EventType "tourn (corr)"]
[EventRounds "10"]
[EventCountry "GER"]
[SourceTitle "Telechess CBM 141"]
[Source "ChessBase"]
[SourceDate "2011.03.17"]
[SourceVersion "1"]
[SourceVersionDate "2011.03.17"]
[SourceQuality "1"]

1. e4 c5 2. Nf3 d6 3. d4 cxd4 4. Nxd4 Nf6 5. Nc3 Nc6 6. Bg5 Bd7 7. Qd2 h6 8. Bh4 Nxd4 9. Bxf6 Nxc2+ 10. Qxc2 gxf6 11. Bb5 Bxb5 12. Nxb5 Rc8 13. Qb3 Qa5+ 14. Nc3 Qa6 15. 0-0-0 Rg8 16. g3 Rg5 17. Kb1 Ra5 18. f4 f5 19. exf5 Bg7 20. f6 Bxf6 21. Nd5 Bg7 22. Rhe1 Rb5 23. Nb4 Qb6 24. Re4 d5 25. a4 dxe4 26. axb5 Qxb5 27. Qd5 Qa4 28. Rd2 e3 29. Qxb7 Rc1+ 30. Kxc1 Qa1+ 31. Kc2 Qxb2+ 32. Kd3 Qxd2+ 33. Kc4 Qd4+ 34. Kb3 Qc3+ 35. Ka4 e6 36. Qa8+ Ke7 37. Qxa7+ Kf6 38. Qb6 Kg6 39. Qb7 Qc4 40. f5+ exf5 41. Qb6+ Qe6 42. Qxe6+ fxe6 0-1

[Event "LSS BI-2009-F-00011"]
[Site "LSS email"]
[Date "2010.02.15"]
[Round "?"]
[White "Law, Stephen"]
[Black "Suranga, Fernando"]
[Result "1-0"]
[WhiteElo "1450"]
[BlackElo "1473"]
[PlyCount "107"]
[EventDate "2010.02.17"]
[EventType "tourn (corr)"]
[EventRounds "10"]
[EventCountry "GER"]
[SourceTitle "Corr 2013"]
[Source "ChessBase"]
[SourceDate "2012.11.12"]
[SourceVersion "1"]
[SourceVersionDate "2012.11.12"]
[SourceQuality "1"]

1. e4 c5 2. Nf3 e6 3. d4 cxd4 4. Nxd4 a6 5. Bd3 Bc5 6. Nb3 Be7 7. Nc3 d6 8. Be3 Nf6 9. f4 Qc7 10. Qf3 Nc6 11. 0-0-0 b5 12. e5 dxe5 13. fxe5 Nd7 14. Qg3 Bb7 15. Qxg7 Qxe5 16. Qxe5 Ndxe5 17. Be4 f5 18. Bxc6+ Nxc6 19. Nc5 Bc8 20. g3 0-0 21. Nd7 Bxd7 22. Rxd7 Rf7 23. Rhd1 Ne5 24. R7d4 Nc4 25. Bh6 Bf6 26. Rd7 Nxb2 27. Rxf7 Kxf7 28. Kxb2 b4 29. Rd6 Bxc3+ 30. Kb3 Ke7 31. Rb6 Kf6 32. Bf4 a5 33. a4 Bd4 34. Rd6 Bc5 35. Rc6 Bg1 36. h3 h5 37. h4 Bf2 38. Bg5+ Kf7 39. Rc7+ Kg6 40. Rc6 Re8 41. Bf4 Kf7 42. Be5 Rd8 43. Rd6 Rxd6 44. Bxd6 Bb6 45. Be5 Ke8 46. Kc4 Ke7 47. Kb5 Bd8 48. Kc6 Ke8 49. Kc5 Kf7 50. Kb5 Kg6 51. Bf4 Kg7 52. Be5+ Kf7 53. Kc6 Bf6 54. Bc7 1-0

[Event "LSS SD-2008-0-00017"]
[Site "LSS email"]
[Date "2008.10.17"]
[Round "?"]
[White "Jooste, Marco"]
[Black "Suranga, Fernando"]
[Result "0-1"]
[WhiteElo "1582"]
[BlackElo "1560"]
[PlyCount "32"]
[EventDate "2008.09.28"]
[EventType "tourn (corr)"]
[EventRounds "6"]
[EventCountry "GER"]
[SourceTitle "Corr 2011"]
[Source "ChessBase"]
[SourceDate "2010.08.31"]
[SourceVersion "1"]
[SourceVersionDate "2010.08.31"]
[SourceQuality "1"]

1. e4 c5 2. d4 cxd4 3. c3 dxc3 4. Nxc3 Nc6 5. Nf3 d6 6. Bc4 e6 7. 0-0 Nf6 8. Qe2 Be7 9. Rd1 e5 10. Be3 Bg4 11. h3 Be6 12. Rac1 Rc8 13. Bxe6 fxe6 14. b4 Nxb4 15. Nxe5 Qc7 16. Nd5 exd5 0-1